Influential Evangelicals through History: Slideshow Quiz Stats

Quiz not verified by Sporcle

Challenge
Share
Tweet
Score 0/25 Timer 07:00
0 Plays Today
% Correct
Martin Luther
95.1%
C. S. Lewis
83.5%
Paul the Apostle
81.1%
Billy Graham
78.9%
John Calvin
64.9%
John Wesley
63.4%
David Livingstone
56.5%
John Bunyan
49.4%
Jerry Falwell
43.5%
Jonathan Edwards
39.1%
D. L. Moody
35.1%
William Tyndale
31%
Chuck Colson
30.7%
% Correct
Charles H. Spurgeon
26.8%
Billy Sunday
26%
Joni Eareckson-Tada
24.6%
Fanny Crosby
21.4%
Jim Elliot
19.2%
Isaac Watts
19.2%
John Wycliffe
19.2%
John Newton
16.2%
Hudson Taylor
15%
William Carey
13.8%
John Chrysostom
12%
B. B. Warfield
7.9%

You're not logged in!

Compare scores with friends on all Sporcle quizzes.
Sign Up with Email
OR
Log In

You Might Also Like...

Show Comments

Extras

Top Quizzes Today


Score Distribution

Your Account Isn't Verified!

In order to create a playlist on Sporcle, you need to verify the email address you used during registration. Go to your Sporcle Settings to finish the process.